[Event "Tch (Men) 2005/2006 JOR"]
[Site "?"]
[Date "2006.05.??"]
[Round "5"]
[White "Hakki Imad"]
[Black "Al Harazi Khaled Saleh Y"]
[Result "1-0"]
[WhiteElo "2459"]
[BlackElo "2213"]
[PlyCount "87"]
[EventDate "2006.??.??"]
[Source "www.chesslib.no"]
[SourceDate "2004.05.04"]

1. e4 e5 2. Nf3 Nc6 3. Bb5 a6 4. Ba4 Nf6 5. O-O Be7 6. Re1 b5 7. Bb3 d6 8. c3 Na5 9. Bc2 O-O 10. d4 Bg4 11. dxe5 Bxf3 12. Qxf3 dxe5 13. Nd2 Bd6 14. Nf1 Nc6 15. Ng3 Nd7 16. Nf5 Ne7 17. Bg5 f6 18. Be3 Nxf5 19. exf5 Qe7 20. Rad1 Kh8 21. Qc6 Rfd8 22. Rd2 b4 23. Red1 bxc3 24. bxc3 Rdb8 25. Be4 Rg8 26. g3 a5 27. a4 Rab8 28. h4 Nb6 29. Rxd6 cxd6 30. Bxb6 Rgc8 31. Qxd6 Qxd6 32. Rxd6 Rxc3 33. Bxa5 Rc4 34. Bc6 h5 35. Bb5 Rc2 36. Bb6 Rc1+ 37. Kg2 Ra1 38. Rd8+ Rxd8 39. Bxd8 e4 40. a5 Ra2 41. Kf1 Rb2 42. Bc6 Rb4 43. a6 Rd4 44. Bb6 1-0

[Event "CSR Ch"]
[Site "Bratislava SVK"]
[Date "1991.??.??"]
[Round "5"]
[White "Cimra, Jozef"]
[Black "Blatny, Frantisek"]
[Result "0-1"]
[WhiteElo "2330"]
[BlackElo "2340"]
[PlyCount "74"]
[EventDate "1991.??.??"]
[Source "www.chesslib.no"]
[SourceDate "2004.05.04"]

1. e4 e5 2. Nf3 Nc6 3. Bb5 a6 4. Ba4 Nf6 5. O-O Be7 6. Re1 b5 7. Bb3 d6 8. c3 Na5 9. Bc2 c5 10. d4 Qc7 11. a4 Rb8 12. axb5 axb5 13. Nbd2 Nc6 14. d5 Nd8 15. b3 O-O 16. Nf1 Ne8 17. Ng3 g6 18. h3 Ng7 19. Nh2 Bh4 20. Ng4 h5 21. Nh2 Be7 22. Nf3 f6 23. Nf1 Nf7 24. Nh4 Nh8 25. f4 exf4 26. e5 fxe5 27. Nxg6 Nxg6 28. Bxg6 Bh4 29. Re4 Bf5 30. Bxf5 Rxf5 31. g4 hxg4 32. hxg4 Rg5 33. Ra2 Nh5 34. Nh2 Nf6 35. Ree2 Bg3 36. Rg2 Bxh2+ 37. Kxh2 Qd7 0-1

[Event "DEN Team Ch 9697"]
[Site "?"]
[Date "1996.??.??"]
[Round "1"]
[White "Mortensen Erling"]
[Black "Palm Nicolai"]
[Result "1-0"]
[WhiteElo "2430"]
[BlackElo "2240"]
[PlyCount "123"]
[EventDate "1996.??.??"]
[Source "www.chesslib.no"]
[SourceDate "2004.05.04"]

1. e4 e5 2. Nf3 Nc6 3. Bb5 a6 4. Ba4 Nf6 5. O-O Be7 6. Re1 b5 7. Bb3 d6 8. c3 Na5 9. Bc2 c5 10. d4 Qc7 11. Nbd2 Bg4 12. h3 Bh5 13. d5 h6 14. b3 g5 15. Nf1 g4 16. hxg4 Bxg4 17. a4 Rb8 18. axb5 axb5 19. Ne3 h5 20. c4 b4 21. Nxg4 hxg4 22. Nh2 Rg8 23. Re3 Bd8 24. Rg3 Qd7 25. Qe2 Bb6 26. Bd1 Kd8 27. Rb1 Nxe4 28. Qxe4 f5 29. Qc2 Rh8 30. Nxg4 fxg4 31. Bxg4 Qe7 32. Qg6 Kc7 33. Be6 Kb7 34. Qg7 Rbe8 35. f4 exf4 36. Bxf4 Bc7 37. Qxe7 Rxe7 38. Rh3 Rhe8 39. g4 Rxe6 40. dxe6 Rxe6 41. g5 Bd8 42. Rg3 Rg6 43. Rd1 Be7 44. Kg2 Nc6 45. Kf3 Nd4+ 46. Rxd4 cxd4 47. Ke4 Re6+ 48. Kf5 Re2 49. g6 Bf8 50. g7 Bxg7 51. Rxg7+ Kc6 52. Rg6 Rb2 53. Rxd6+ Kc5 54. Rd5+ Kc6 55. Ke4 Rxb3 56. Kxd4 Rb1 57. Rd6+ Kb7 58. c5 b3 59. Rb6+ Ka7 60. Kc3 Rf1 61. Bb8+ Ka8 62. Bd6 1-0

[Event "Bratislava Slovan op"]
[Site "?"]
[Date "1997.??.??"]
[Round "6"]
[White "Manik Mikulas"]
[Black "Biro Karol"]
[Result "1-0"]
[WhiteElo "2455"]
[BlackElo "2210"]
[PlyCount "67"]
[EventDate "1997.??.??"]
[Source "www.chesslib.no"]
[SourceDate "2004.05.04"]

1. e4 e5 2. Nf3 Nc6 3. Bb5 a6 4. Ba4 Nf6 5. O-O Be7 6. Re1 b5 7. Bb3 d6 8. c3 Na5 9. Bc2 c5 10. d4 Nc6 11. d5 Nb8 12. a4 bxa4 13. Bxa4+ Bd7 14. Nbd2 Qc7 15. Nc4 Bxa4 16. Qxa4+ Nfd7 17. Be3 O-O 18. Nfd2 Ra7 19. Qa5 Qc8 20. b4 Rb7 21. Reb1 cxb4 22. cxb4 f5 23. Rc1 Qe8 24. exf5 Nf6 25. Bg5 Rb5 26. Qa2 Rxb4 27. Bxf6 Rxf6 28. Rcb1 Rb5 29. Ne4 Rh6 30. Ne3 Rh4 31. f3 Kf7 32. f6 gxf6 33. Nf5 Rxe4 34. fxe4 1-0

[Event "Cheliabinsk (Russia)"]
[Site "?"]
[Date "2005.01.??"]
[Round "1"]
[White "Loskutov Oleg"]
[Black "Vyatkin Dmitry"]
[Result "1/2-1/2"]
[WhiteElo "2441"]
[BlackElo "2222"]
[PlyCount "92"]
[EventDate "2005.??.??"]
[Source "www.chesslib.no"]
[SourceDate "2004.05.04"]

1. e4 e5 2. Nf3 Nc6 3. Bb5 a6 4. Ba4 Nf6 5. O-O Be7 6. Re1 b5 7. Bb3 d6 8. c3 Na5 9. Bc2 c5 10. d4 Qc7 11. Nbd2 cxd4 12. cxd4 Nc6 13. d5 Nb4 14. Bb1 a5 15. a3 Na6 16. b4 Bd7 17. Nb3 axb4 18. axb4 g6 19. Re2 Qb8 20. Rea2 Nc7 21. Nxe5 dxe5 22. d6 Rxa2 23. Rxa2 Bg4 24. dxc7 Qxc7 25. Ra8+ Bc8 26. Bh6 Qb7 27. Ra2 Ng4 28. Qc1 Nxh6 29. Qxh6 Bf8 30. Qg5 Bg7 31. Nc5 Qc7 32. Rd2 O-O 33. Ba2 Qa7 34. Qe3 Kh8 35. Qe2 Qa3 36. Nd3 Qc3 37. Bd5 f5 38. Rd1 fxe4 39. Bxe4 Be6 40. h4 Bb3 41. Rc1 Qd4 42. h5 gxh5 43. Re1 Bf7 44. Bf3 Bc4 45. Be4 Bf7 46. Bf5 Bc4 1/2-1/2

[Event "Athens VAR"]
[Site "Athens GRE"]
[Date "1994.??.??"]
[Round "?"]
[White "Cela, Altin"]
[Black "Kofidis, Andreas"]
[Result "0-1"]
[WhiteElo "2275"]
[BlackElo "2385"]
[PlyCount "130"]
[EventDate "1994.??.??"]
[Source "www.chesslib.no"]
[SourceDate "2004.05.04"]

1. e4 e5 2. Nf3 Nc6 3. Bb5 a6 4. Ba4 Nf6 5. O-O Be7 6. Re1 b5 7. Bb3 d6 8. c3 Na5 9. Bc2 c5 10. d4 Qc7 11. Nbd2 O-O 12. Nf1 cxd4 13. cxd4 Bg4 14. Ne3 Bxf3 15. Qxf3 Nc6 16. Nf5 Nxd4 17. Nxd4 exd4 18. Bb3 Nd7 19. g4 Ne5 20. Qg3 Rac8 21. Rd1 Qc5 22. Bd5 Qb6 23. g5 Kh8 24. Qh3 Rc2 25. f4 Ng6 26. Kh1 Bd8 27. Rg1 Rxc1 28. Raxc1 Nxf4 29. Qf1 Ng6 30. Rc6 Qa7 31. Rc8 Ne5 32. Qf2 Qe7 33. Rb8 d3 34. Rb7 Qe8 35. Qe3 f5 36. g6 f4 37. Qh3 Nxg6 38. Qxd3 Qe5 39. Qh3 f3 40. Rd7 f2 41. Rf1 Bb6 42. b4 Bd4 43. Rc7 Qg5 44. Qg3 Qf6 45. Rc6 Ne5 46. Rxa6 h5 47. Ra3 Kh7 48. Qh3 Qg5 49. Rg3 Qh6 50. Be6 h4 51. Rb3 Rf6 52. Bf5+ g6 53. Bg4 Qg5 54. Rg3 Kg7 55. Rg2 Rf4 56. Be2 Qf6 57. Bxb5 g5 58. Bd7 Nc4 59. Bf5 Nd2 60. Qd3 Nxf1 61. Qxf1 Kh6 62. a4 d5 63. h3 dxe4 64. Bg4 e3 65. Be2 Bc3 0-1

[Event "Tirnavia-B"]
[Site "Trnava SVK"]
[Date "1986.??.??"]
[Round "8"]
[White "Lanka, Zigurds"]
[Black "Drtina, Milan"]
[Result "1/2-1/2"]
[WhiteElo "2370"]
[BlackElo "2290"]
[PlyCount "122"]
[EventDate "1986.03.??"]
[Source "www.chesslib.no"]
[SourceDate "2004.05.04"]

1. e4 e5 2. Nf3 Nc6 3. Bb5 a6 4. Ba4 Nf6 5. O-O Be7 6. Re1 b5 7. Bb3 d6 8. c3 Na5 9. Bc2 c5 10. d4 Qc7 11. h3 cxd4 12. cxd4 Nc6 13. Nc3 O-O 14. d5 Nd8 15. Bd2 Ne8 16. Rc1 Qb7 17. Ne2 g6 18. Ng3 Bd7 19. Ba5 f6 20. Nd2 Nf7 21. Bd3 Bd8 22. Nb3 Bb6 23. Qd2 Ng7 24. Nf1 Rfc8 25. Ne3 f5 26. Bxb6 Qxb6 27. Qa5 Qb7 28. Nc2 fxe4 29. Bxe4 Ng5 30. Nd2 Bf5 31. Bxf5 Nxf5 32. Nb4 Nd4 33. Rxc8+ Qxc8 34. h4 Nf7 35. Ne4 Kg7 36. f3 Nf5 37. h5 Qc4 38. b3 Qd4+ 39. Kh2 gxh5 40. Rc1 Ne3 41. Nc6 Qb2 42. Rg1 Nxd5 43. Nb4 Nf6 44. Nxf6 Kxf6 45. Nd5+ Kg7 46. Qb4 Re8 47. Qe4 Qd2 48. Re1 Ng5 49. Qe3 Qxe3 50. Rxe3 Rc8 51. f4 exf4 52. Nxf4 Rc2 53. Re7+ Kf8 54. Rd7 Rxa2 55. Rxd6 h4 56. Rd5 Nf7 57. Ne6+ Ke7 58. Nc5 h6 59. Kh3 a5 60. Rd7+ Kf6 61. Rb7 Nd6 1/2-1/2

[Event "Krakow op-A"]
[Site "?"]
[Date "1999.??.??"]
[Round "?"]
[White "Solodovnichenko Yuri"]
[Black "Polkowski Piotr"]
[Result "1-0"]
[WhiteElo "2435"]
[BlackElo "2221"]
[PlyCount "65"]
[EventDate "1999.??.??"]
[Source "www.chesslib.no"]
[SourceDate "2004.05.04"]

1. e4 e5 2. Nf3 Nc6 3. Bb5 a6 4. Ba4 Nf6 5. O-O b5 6. Bb3 Be7 7. Re1 d6 8. c3 Na5 9. Bc2 c5 10. d4 Qc7 11. a4 b4 12. Nbd2 O-O 13. cxb4 cxb4 14. Bd3 exd4 15. Nxd4 Bg4 16. N2f3 d5 17. e5 Nd7 18. Bf4 Qb6 19. Bf5 Bxf5 20. Nxf5 Bc5 21. Be3 Qe6 22. Bxc5 Nxc5 23. N3d4 Qd7 24. Qg4 g6 25. Qg5 Ne4 26. Rxe4 f6 27. Qg4 Kh8 28. e6 Qb7 29. e7 dxe4 30. exf8=Q+ Rxf8 31. Nd6 Qd5 32. Qd7 Nc4 33. Ne6 1-0

[Event "Rostock 15th"]
[Site "Rostock GER"]
[Date "1989.??.??"]
[Round "9"]
[White "Schoeneberg, Manfred"]
[Black "Stern, Rene"]
[Result "1-0"]
[WhiteElo "2320"]
[BlackElo "2335"]
[PlyCount "99"]
[EventDate "1989.08.19"]
[Source "www.chesslib.no"]
[SourceDate "2004.05.04"]

1. e4 e5 2. Nf3 Nc6 3. Bb5 a6 4. Ba4 Nf6 5. O-O Be7 6. Re1 b5 7. Bb3 d6 8. c3 O-O 9. Bc2 Bb7 10. a4 b4 11. d4 bxc3 12. bxc3 exd4 13. cxd4 Nb4 14. Nc3 Nxc2 15. Qxc2 d5 16. e5 Ne4 17. Rb1 Rb8 18. Be3 f5 19. exf6 Bxf6 20. Bf4 Ba8 21. Nxe4 dxe4 22. Rxb8 Qxb8 23. Bxc7 Qb7 24. Ne5 Qd5 25. Qb2 Rc8 26. Bb6 Rb8 27. Rc1 Bxe5 28. dxe5 e3 29. f3 e2 30. Re1 Qd1 31. Kf2 Qxa4 32. Rxe2 Qc6 33. Qa2+ Qd5 34. Qxd5+ Bxd5 35. Bc7 Rc8 36. Bd6 Kf7 37. Rd2 Ke6 38. f4 g6 39. g4 Bb3 40. Rd3 Bc4 41. Rh3 Rh8 42. f5+ gxf5 43. Rh6+ Kd5 44. gxf5 a5 45. Ke3 a4 46. Rh4 Bb3 47. Rd4+ Kc6 48. Ba3 Rg8 49. e6 Rg2 50. f6 1-0

[Event "Prague Bohemians"]
[Site "Prague CZE"]
[Date "1995.??.??"]
[Round "1"]
[White "Prandstetter, Eduard"]
[Black "Thoma, Robert"]
[Result "1-0"]
[WhiteElo "2370"]
[BlackElo "2285"]
[PlyCount "91"]
[EventDate "1995.??.??"]
[Source "www.chesslib.no"]
[SourceDate "2004.05.04"]

1. e4 e5 2. Nf3 Nc6 3. Bb5 a6 4. Ba4 Nf6 5. O-O Be7 6. Re1 b5 7. Bb3 d6 8. c3 Na5 9. Bc2 c5 10. d4 Qc7 11. Nbd2 cxd4 12. cxd4 Nc6 13. d5 Nb4 14. Bb1 a5 15. a3 Na6 16. Nf1 O-O 17. Ng3 Nc5 18. Nf5 Bxf5 19. exf5 Qb7 20. Be3 Rfc8 21. Ba2 Qd7 22. Rc1 Na4 23. Qb3 Ne4 24. Rc6 Nac5 25. Qxb5 Rab8 26. Qc4 Rxb2 27. Bc1 Rxf2 28. Bb1 Rxf3 29. gxf3 Nf6 30. Rxc8+ Qxc8 31. Be3 Nfd7 32. Bc2 Qd8 33. Rb1 Bg5 34. Bf2 Bf4 35. Kh1 Qg5 36. Bxc5 Qh5 37. Qe2 dxc5 38. Rb7 Nf8 39. d6 e4 40. Bxe4 Bxd6 41. Bd5 Kh8 42. Rxf7 c4 43. Qg2 Qh6 44. f4 c3 45. Bb3 Bxa3 46. Rxf8+ 1-0

[Event "Salta Clarin Open"]
[Site "Salta"]
[Date "1995.??.??"]
[Round "6"]
[White "Giaccio, Alfredo Gustavo"]
[Black "Bass, Alfredo"]
[Result "1-0"]
[WhiteElo "2410"]
[BlackElo "2230"]
[PlyCount "55"]
[EventDate "1995.??.??"]
[Source "www.chesslib.no"]
[SourceDate "2004.05.04"]

1. e4 e5 2. Nf3 Nc6 3. Bb5 a6 4. Ba4 Nf6 5. O-O Be7 6. Re1 b5 7. Bb3 d6 8. c3 Na5 9. Bc2 c5 10. d4 Qc7 11. Nbd2 O-O 12. b3 Bg4 13. h3 Bd7 14. Nf1 Nc6 15. Ne3 b4 16. Nd5 Qd8 17. dxc5 dxc5 18. cxb4 cxb4 19. Bb2 Bd6 20. Nb6 Rb8 21. Nc4 Bc5 22. Nfxe5 Nxe5 23. Bxe5 Rb5 24. Qf3 Be7 25. Rad1 Qc8 26. Bxf6 Bxf6 27. e5 Be7 28. Qd3 1-0

[Event "Decin-B 8th"]
[Site "Decin CZE"]
[Date "1978.06.18"]
[Round "9"]
[White "Mokry, Karel"]
[Black "Blatny, Frantisek"]
[Result "1-0"]
[WhiteElo "2310"]
[BlackElo "2325"]
[PlyCount "84"]
[EventDate "1978.06.10"]
[Source "www.chesslib.no"]
[SourceDate "2004.05.04"]

1. e4 e5 2. Nf3 Nc6 3. Bb5 a6 4. Ba4 Nf6 5. O-O Be7 6. Re1 b5 7. Bb3 d6 8. c3 Na5 9. Bc2 c5 10. d4 Qc7 11. h3 Bd7 12. Nbd2 cxd4 13. cxd4 Rc8 14. Bb1 Nc6 15. Nf1 O-O 16. Ne3 Rfe8 17. d5 Nd8 18. b4 Qc3 19. Qb3 Qxa1 20. Bb2 Qxb1 21. Rxb1 Nxe4 22. Qa3 f5 23. Qxa6 Nf7 24. Qa3 f4 25. Nd1 Ra8 26. Qb3 Nfg5 27. Nxg5 Bxg5 28. Qd3 Rf8 29. Ra1 Nf6 30. Nc3 Rfb8 31. a3 g6 32. Qe2 Ne8 33. Ne4 Be7 34. g3 fxg3 35. f4 Bxh3 36. fxe5 Rc8 37. Nxg3 Rc4 38. e6 Rac8 39. Qf3 Nf6 40. Bxf6 Rf8 41. Ne4 Bg4 42. Qxg4 Bxf6 1-0

[Event "Tirnavia-B"]
[Site "Trnava SVK"]
[Date "1983.??.??"]
[Round "5"]
[White "Franzen, Jozef"]
[Black "Drtina, Milan"]
[Result "1-0"]
[WhiteElo "2345"]
[BlackElo "2275"]
[PlyCount "81"]
[EventDate "1983.03.01"]
[Source "www.chesslib.no"]
[SourceDate "2004.05.04"]

1. e4 e5 2. Nf3 Nc6 3. Bb5 a6 4. Ba4 Nf6 5. O-O Be7 6. Re1 b5 7. Bb3 d6 8. c3 Na5 9. Bc2 c5 10. d4 Qc7 11. a4 b4 12. d5 O-O 13. Nbd2 bxc3 14. bxc3 Ne8 15. Nf1 g6 16. Rb1 Ng7 17. Qe2 f5 18. exf5 Nxf5 19. Ng5 Ng7 20. Ng3 Ra7 21. h4 Qd8 22. Bd2 Bf6 23. N3e4 Bf5 24. g3 Be7 25. Kg2 Qd7 26. f3 h6 27. Ne6 Nxe6 28. dxe6 Qxe6 29. Bxh6 Rd8 30. g4 Bxe4 31. Qxe4 Bxh4 32. Rh1 g5 33. Rxh4 gxh4 34. Qe3 h3+ 35. Kxh3 Re8 36. Qg5+ Kh8 37. Kg3 Qe7 38. Bg7+ Qxg7 39. Qh5+ Kg8 40. Qxe8+ Qf8 41. Qg6+ 1-0

[Event "Decin-B 8th"]
[Site "Decin CZE"]
[Date "1978.06.20"]
[Round "11"]
[White "Perenyi, Bela"]
[Black "Blatny, Frantisek"]
[Result "1-0"]
[WhiteElo "2295"]
[BlackElo "2325"]
[PlyCount "91"]
[EventDate "1978.06.10"]
[Source "www.chesslib.no"]
[SourceDate "2004.05.04"]

1. e4 e5 2. Nf3 Nc6 3. Bb5 a6 4. Ba4 Nf6 5. O-O Be7 6. Re1 b5 7. Bb3 d6 8. c3 Na5 9. Bc2 c5 10. d4 Qc7 11. a4 Rb8 12. axb5 axb5 13. dxe5 dxe5 14. Nbd2 Bd8 15. Nf1 O-O 16. Bg5 h6 17. Bh4 Bg4 18. h3 Bxf3 19. Qxf3 Nc4 20. b3 Nd6 21. Ne3 Nh7 22. Nd5 Qb7 23. Bg3 Re8 24. Red1 Rc8 25. Qe3 Bg5 26. Qe2 Rc6 27. Ra2 Nf8 28. Rda1 Nc8 29. Bd3 c4 30. bxc4 bxc4 31. Bxc4 Nd6 32. Ra7 Qc8 33. Bb3 Qb8 34. Bc2 Nb5 35. Ra8 Nxc3 36. Nxc3 Qb2 37. Rb1 Qxb1+ 38. Nxb1 Rxa8 39. Bxe5 Ng6 40. Bc3 Ra2 41. e5 Bf4 42. Qe4 Rc5 43. e6 f5 44. e7 fxe4 45. e8=Q+ Nf8 46. Bb3+ 1-0

[Event "SVK-chT1W 9798"]
[Site "?"]
[Date "1997.??.??"]
[Round "?"]
[White "Mikulas Dusan"]
[Black "Drtina Milan"]
[Result "0-1"]
[WhiteElo "2295"]
[BlackElo "2320"]
[PlyCount "70"]
[EventDate "1997.??.??"]
[Source "www.chesslib.no"]
[SourceDate "2004.05.04"]

1. e4 e5 2. Nf3 Nc6 3. Bb5 a6 4. Ba4 Nf6 5. O-O Be7 6. Re1 b5 7. Bb3 d6 8. c3 Na5 9. Bc2 c5 10. d4 Qc7 11. d5 O-O 12. Nbd2 Ne8 13. Nf1 g6 14. Ng3 Ng7 15. Bg5 Bxg5 16. Nxg5 Qe7 17. Nf3 f5 18. exf5 gxf5 19. a4 Bd7 20. axb5 axb5 21. Nd2 Qf7 22. b4 Nb7 23. Rxa8 Rxa8 24. bxc5 Nxc5 25. c4 Kh8 26. Nb3 f4 27. Nf1 Nxb3 28. Bxb3 bxc4 29. Bxc4 Nf5 30. Nd2 Nd4 31. Nb3 Ba4 32. Qd3 Bxb3 33. Bxb3 Ra3 34. Rb1 Qb7 35. Bc2 Rxd3 0-1

[Event "Slovan Open"]
[Site "Bratislava SVK"]
[Date "1994.??.??"]
[Round "?"]
[White "Zontakh, Andrey"]
[Black "Hebelka, Milos"]
[Result "1-0"]
[WhiteElo "2450"]
[BlackElo "2140"]
[PlyCount "75"]
[EventDate "1994.??.??"]
[Source "www.chesslib.no"]
[SourceDate "2004.05.04"]

1. e4 e5 2. Nf3 Nc6 3. Bb5 a6 4. Ba4 Nf6 5. O-O Be7 6. Re1 b5 7. Bb3 d6 8. c3 Na5 9. Bc2 c5 10. d4 Nd7 11. Nbd2 O-O 12. Nf1 Bf6 13. Ne3 Nb6 14. h3 Nb7 15. Ng4 Bxg4 16. hxg4 h6 17. b3 Rc8 18. d5 a5 19. Be3 b4 20. Qd2 g5 21. a3 Nd7 22. axb4 cxb4 23. cxb4 axb4 24. Qxb4 Rxc2 25. Qxb7 Bg7 26. Nd2 Nf6 27. f3 Rc3 28. Nc4 Re8 29. Qb4 Rd3 30. Nb2 Rxe3 31. Rxe3 h5 32. Nc4 hxg4 33. Qxd6 Qc8 34. Qc6 Qb8 35. Nd6 Rd8 36. Nf5 gxf3 37. Rxf3 Nxe4 38. Ne7+ 1-0

[Event "Kazan RUS"]
[Site "?"]
[Date "2006.06.01"]
[Round "1"]
[White "Ozolin Maxim"]
[Black "Fakhretdinova Margarita"]
[Result "1-0"]
[WhiteElo "2393"]
[BlackElo "2147"]
[PlyCount "67"]
[EventDate "2006.??.??"]
[Source "www.chesslib.no"]
[SourceDate "2004.05.04"]

1. e4 e5 2. Nf3 Nc6 3. Bb5 a6 4. Ba4 Nf6 5. O-O d6 6. Re1 b5 7. Bb3 Be7 8. c3 Na5 9. Bc2 c5 10. d4 Bg4 11. dxe5 Bxf3 12. Qxf3 dxe5 13. Nd2 O-O 14. Nf1 Nc4 15. a4 Qc7 16. b3 Nd6 17. Qg3 bxa4 18. Rxa4 Nb5 19. Ne3 Rfe8 20. Nf5 Bf8 21. Bg5 Nh5 22. Qf3 Nf4 23. h3 f6 24. Bxf4 exf4 25. Bd3 g6 26. e5 Rab8 27. Bc4+ Kh8 28. Qd5 Bg7 29. Nxg7 Qxg7 30. Qxc5 Nxc3 31. Rxa6 fxe5 32. Ra7 Qf6 33. Qc7 Qh4 34. Qg7# 1-0

[Event "Ch Baden-Wuerttemberg"]
[Site "Stuttgart GER"]
[Date "1983.??.??"]
[Round "?"]
[White "Hoffmann, Hans"]
[Black "Eckert, Doug D"]
[Result "1/2-1/2"]
[WhiteElo "2245"]
[BlackElo "2285"]
[PlyCount "163"]
[EventDate "1983.??.??"]
[Source "www.chesslib.no"]
[SourceDate "2004.05.04"]

1. e4 e5 2. Nf3 Nc6 3. Bb5 a6 4. Ba4 Nf6 5. O-O Be7 6. Re1 b5 7. Bb3 d6 8. c3 Na5 9. Bc2 c5 10. d4 Qc7 11. h3 Bd7 12. Nbd2 cxd4 13. cxd4 Rc8 14. Bd3 Nc6 15. a3 Nd8 16. Nb3 O-O 17. Bd2 Ne6 18. Rc1 Qb8 19. Bc3 exd4 20. Nbxd4 Nf4 21. Bb1 Rfe8 22. Qd2 Ng6 23. Nf5 Ne5 24. Nxe7+ Rxe7 25. Nh4 h6 26. f4 Nc4 27. Qd3 Nh7 28. Rcd1 Nf8 29. Re2 Rce8 30. Qg3 g6 31. Rf2 Rxe4 32. Bxe4 Rxe4 33. Qd3 Qe8 34. b3 Ne3 35. Re1 d5 36. Rfe2 b4 37. Rxe3 bxc3 38. Rxe4 dxe4 39. Rxe4 Qd8 40. Nf3 Qb6+ 41. Qd4 Qxb3 42. Re3 Qb1+ 43. Re1 c2 44. Qb4 Bf5 45. Nd4 Qd1 46. Nb3 Ne6 47. Kf2 h5 48. Nc1 h4 49. Ke3 Qd5 50. Kf2 a5 51. Qb8+ Kh7 52. Qe5 Qd2+ 53. Ne2 Qd8 54. Nc1 Qd2+ 55. Ne2 Qd8 56. Nc1 Qb6+ 57. Qe3 Qd6 58. Ne2 Nc5 59. Nc1 a4 60. Kg1 Ne4 61. Ne2 Nc5 62. Nc1 Qd1 63. Qe2 Qd5 64. Qe5 Qc4 65. Qe7 Nb3 66. Qxh4+ Kg7 67. Qf2 Qd5 68. Kh2 Qd1 69. Qe3 Nxc1 70. Qxc1 Qd6 71. g4 Bd3 72. Qb2+ Kh7 73. Kg3 Be4 74. Qc3 Qd1 75. Kh2 g5 76. Qe3 Kg7 77. Qxe4 Qd2+ 78. Re2 c1=Q 79. Qe5+ Kh7 80. Qf5+ Kg7 81. Qxg5+ Kh7 82. Qf5+ 1/2-1/2

[Event "MK Cafe Cup-B"]
[Site "?"]
[Date "1998.??.??"]
[Round "10"]
[White "Murawski Grzegorz"]
[Black "Polkowski Piotr"]
[Result "0-1"]
[WhiteElo "2300"]
[BlackElo "2225"]
[PlyCount "102"]
[EventDate "1998.??.??"]
[Source "www.chesslib.no"]
[SourceDate "2004.05.04"]

1. e4 e5 2. Nf3 Nc6 3. Bb5 a6 4. Ba4 Nf6 5. O-O b5 6. Bb3 Be7 7. Re1 d6 8. c3 Na5 9. Bc2 c5 10. d3 O-O 11. Nbd2 Qc7 12. Nf1 Bb7 13. Ng3 g6 14. Bg5 Ne8 15. Qd2 Ng7 16. Bh6 Rfe8 17. h3 Ne6 18. Nh2 Qd8 19. Ng4 Kh8 20. Rf1 Nf4 21. b4 cxb4 22. cxb4 Bg5 23. Qd1 Nc6 24. Bb3 d5 25. d4 Bxh6 26. Nxh6 Kg7 27. Ng4 Nxd4 28. exd5 Nxb3 29. axb3 Qxd5 30. Ne3 Qxd1 31. Rfxd1 Red8 32. Rac1 Ne6 33. Re1 Rac8 34. Kf1 Rxc1 35. Rxc1 Rc8 36. Rxc8 Bxc8 37. Ne4 Nd4 38. Nc5 Nc6 39. Nd5 Be6 40. Nc7 Nxb4 41. N7xe6+ fxe6 42. Nxe6+ Kf6 43. Nc5 Ke7 44. Ke2 Kd6 45. Ne4+ Kd5 46. Nc3+ Kc5 47. Kd2 Nd5 48. Ne4+ Kb4 49. Kc2 Nf4 50. g4 Nxh3 51. g5 a5 0-1

[Event "19. Open"]
[Site "?"]
[Date "2003.08.10"]
[Round "3"]
[White "Butunoi Alexandru"]
[Black "Hicker Harald"]
[Result "1-0"]
[WhiteElo "2412"]
[BlackElo "2111"]
[PlyCount "52"]
[EventDate "2003.??.??"]
[Source "www.chesslib.no"]
[SourceDate "2004.05.04"]

1. e4 e5 2. Nf3 Nc6 3. Bb5 a6 4. Ba4 Nf6 5. O-O b5 6. Bb3 Be7 7. Re1 d6 8. c3 Na5 9. Bc2 c5 10. h3 Qc7 11. a4 Bb7 12. d4 cxd4 13. cxd4 O-O 14. d5 Nc4 15. Bd3 bxa4 16. Rxa4 Nb6 17. Ra3 Rfc8 18. Bd2 Nbd7 19. Ba5 Qb8 20. b4 Bd8 21. Bxd8 Rxd8 22. Nbd2 Qc7 23. Nc4 Nb6 24. Na5 Re8 25. Nd2 Bc8 26. Qe2 Bd7 1-0

[Event "It Open"]
[Site "Mislata ESP"]
[Date "1995.??.??"]
[Round "2"]
[White "Oltra Caurin, Ramon"]
[Black "Martinez Velert Pedro"]
[Result "1-0"]
[WhiteElo "2390"]
[BlackElo "2125"]
[PlyCount "61"]
[EventDate "1995.??.??"]
[Source "www.chesslib.no"]
[SourceDate "2004.05.04"]

1. e4 e5 2. Nf3 Nc6 3. Bb5 a6 4. Ba4 Nf6 5. O-O b5 6. Bb3 Be7 7. Re1 d6 8. c3 Na5 9. Bc2 c5 10. d3 Nc6 11. Nbd2 O-O 12. Nf1 Re8 13. h3 Bf8 14. Qe2 Bd7 15. g4 g6 16. Ng3 Be6 17. Kh2 Bg7 18. Rg1 d5 19. Bg5 Qd7 20. Nf5 Bxf5 21. gxf5 dxe4 22. dxe4 Nh5 23. Kh1 Qc8 24. Nh2 Nf4 25. Qf3 Qc7 26. Ng4 Rf8 27. f6 h5 28. fxg7 hxg4 29. gxf8=Q+ Rxf8 30. Qxg4 Kg7 31. Qh4 1-0

[Event "Politiken Cup"]
[Site "Copenhagen"]
[Date "1998.07.08"]
[Round "5"]
[White "Kristjansson, Stefan"]
[Black "Palm, Nicolai"]
[Result "0-1"]
[WhiteElo "2255"]
[BlackElo "2255"]
[PlyCount "118"]
[EventDate "1998.07.04"]
[Source "ChessBase"]
[SourceDate "1998.09.09"]

1. e4 e5 2. Nf3 Nc6 3. Bb5 a6 4. Ba4 Nf6 5. O-O Be7 6. Re1 d6 7. c3 b5 8. Bb3 Na5 9. Bc2 c5 10. h3 O-O 11. d3 Qc7 12. Nbd2 Bb7 13. Nf1 Rfe8 14. Ng3 g6 15. Bg5 Rad8 16. d4 Nc4 17. b3 Na3 18. d5 Nxc2 19. Qxc2 Bc8 20. Qc1 Kh8 21. Nh2 Ng8 22. Bd2 f5 23. c4 f4 24. Ne2 b4 25. a3 a5 26. axb4 axb4 27. Ra2 Bb7 28. Qb2 Nf6 29. Bxf4 Nxe4 30. f3 Nf6 31. Bg5 Nxd5 32. Bxe7 Nxe7 33. Nf4 Nf5 34. Ng4 Qf7 35. Ra7 Ra8 36. Rea1 Rxa7 37. Rxa7 Re7 38. Nd3 h5 39. Ngxe5 dxe5 40. Nxe5 Qg7 41. Nxg6+ Kh7 42. Qxg7+ Rxg7 43. Nf8+ Kh8 44. Ne6 Rg6 45. Rxb7 Rxe6 46. Rc7 Re5 47. f4 Re4 48. Rxc5 Rxf4 49. Rb5 h4 50. Ra5 Kg7 51. Ra1 Kf6 52. Re1 Ng3 53. c5 Rf5 54. c6 Rc5 55. Ra1 Rxc6 56. Ra4 Rb6 57. Ra2 Ke5 58. Kf2 Ke4 59. Ra4 Rf6+ 0-1

[Event "It (Open)"]
[Site "?"]
[Date "2005.06.??"]
[Round "?"]
[White "Kruchev Boris"]
[Black "Kiriushin Vladimir"]
[Result "1-0"]
[WhiteElo "2335"]
[BlackElo "2172"]
[PlyCount "47"]
[EventDate "2005.??.??"]
[Source "www.chesslib.no"]
[SourceDate "2004.05.04"]

1. e4 e5 2. Nf3 Nc6 3. Bb5 a6 4. Ba4 Nf6 5. O-O b5 6. Bb3 Be7 7. Re1 d6 8. c3 Na5 9. Bc2 c5 10. d4 cxd4 11. cxd4 Qc7 12. Nbd2 Bg4 13. h3 Bh5 14. d5 O-O 15. Bd3 Nb7 16. Nf1 Nc5 17. Bc2 Rfc8 18. g4 Bg6 19. Ng3 a5 20. Nh4 a4 21. Nhf5 Bd8 22. Bd2 Qd7 23. f4 exf4 24. Bxf4 1-0

[Event "Wroclaw-B"]
[Site "Wroclaw POL"]
[Date "1980.??.??"]
[Round "5"]
[White "Warwaszynski, Zbigniew"]
[Black "Drtina, Milan"]
[Result "0-1"]
[WhiteElo "2230"]
[BlackElo "2275"]
[PlyCount "68"]
[EventDate "1980.??.??"]
[Source "www.chesslib.no"]
[SourceDate "2004.05.04"]

1. e4 e5 2. Nf3 Nc6 3. Bb5 a6 4. Ba4 Nf6 5. O-O Be7 6. Re1 b5 7. Bb3 d6 8. c3 Na5 9. Bc2 c5 10. d4 Qc7 11. h3 Bd7 12. Nbd2 Rc8 13. dxe5 dxe5 14. Nf1 Rd8 15. Qe2 Nh5 16. Ng3 Nxg3 17. fxg3 O-O 18. a4 c4 19. axb5 Bxb5 20. Be3 Nb3 21. Bxb3 cxb3 22. Qf2 Rb8 23. c4 Qxc4 24. Nxe5 Qc2 25. Nf3 Bb4 26. Bd2 Bxd2 27. Qxd2 Rfd8 28. Qf2 Rbc8 29. Rac1 Qxf2+ 30. Kxf2 Rc2+ 31. Rxc2 bxc2 32. Rc1 Ba4 33. Ng1 Rd2+ 34. Ke1 Rd1+ 0-1